[Event "Commonwealth-ch U10 Girls"]
[Site "Delhi"]
[Date "2018.06.26"]
[Round "1.1"]
[White "Dutt, Prapti"]
[Black "Aaradhya, Chauhan"]
[Result "0-1"]
[WhiteElo "1019"]
[BlackElo "1685"]
[PlyCount "158"]
[EventDate "2018.06.26"]
[EventType "swiss"]
[EventRounds "7"]
[EventCountry "IND"]
[SourceTitle "EXT 2024"]
[Source "ChessBase"]
[SourceDate "2023.10.10"]
[SourceVersion "1"]
[SourceVersionDate "2023.10.10"]
[SourceQuality "1"]

1. e4 e5 2. Nf3 Nc6 3. Bb5 a6 4. Ba4 Nf6 5. 0-0 b5 6. Bb3 Bc5 7. c3 0-0 8. Re1 d6 9. h3 h6 10. d4 exd4 11. cxd4 Bb4 12. Bd2 Bxd2 13. Nbxd2 Re8 14. Nf1 Ne7 15. Ng3 Ng6 16. Qd2 Be6 17. d5 Bd7 18. a3 Qc8 19. Rac1 Ra7 20. Ba2 Re7 21. Qd4 Rb7 22. e5 dxe5 23. Nxe5 Nxe5 24. Rxe5 Rxe5 25. Qxe5 Qe8 26. Qf4 Qb8 27. b4 Qa7 28. Qe5 a5 29. bxa5 Qxa5 30. Bb1 Qd2 31. Re1 Qxd5 32. Qe3 Bc6 33. f3 Rb8 34. Qc1 Rd8 35. Be4 Qd4+ 36. Kh2 Bxe4 37. fxe4 c5 38. e5 Ne8 39. Qb1 Qc3 40. Qc1 Qxc1 41. Rxc1 Rd5 42. Re1 c4 43. Nf5 Kf8 44. Re3 Rd3 45. Rxd3 cxd3 46. Ne3 d2 47. Kg1 Nc7 48. Kf1 Nd5 49. Nd1 Nf4 50. Nc3 Ke7 51. Kf2 Ke6 52. Ke3 d1Q 53. Nxd1 Kxe5 54. Kf3 Nd5 55. g3 Kd4 56. h4 Kc4 57. Ke4 Nc3+ 58. Nxc3 Kxc3 59. Ke3 Kb3 60. Kd3 Kxa3 61. Kc2 g5 62. hxg5 hxg5 63. g4 Kb4 64. Kd3 Ka3 65. Kc3 b4+ 66. Kc2 Ka2 67. Kd3 b3 68. Ke4 b2 69. Kf5 b1Q+ 70. Kxg5 Qg6+ 71. Kf4 Kb3 72. Kg3 f5 73. Kf3 Qxg4+ 74. Ke3 Qe4+ 75. Kf2 f4 76. Kf1 Qc2 77. Ke1 Kc3 78. Kf1 f3 79. Kg1 Qg2# 0-1